000 02864nam a2200361 a 4500
001 Z_3706
003 CHAP
005 20240917144349.0
007 ta
008 220113s1981 mx a frf 001 0 spa d
010 _a166787
040 _aZ
_cCHAP
041 0 _bEspañol
_fEspañol
082 0 0 _a591.1
_bS25 1981
_220
100 1 _aSalazar Bustos, Ma. del Socorro
_9140910
_eautor
245 1 0 _aManual de prácticas de laboratorio:
_bfisiología animal de los sistemas /
_cMa. del Socorro Salazar Bustos
264 1 _aChapingo, Estado de México :
_bUACh. Departamento de Zootecnia,
_c[1981]
300 _a180 hojas:
_bilustraciones, tablas, diagramas
336 _2rdacontent
_atexto
_btxt
337 _2rdamedia
_asin medio
_bn
338 _2rdacarrier
_avolumen
_bnc
500 _aej.1 - ej.2: S/N
504 _aIncluye bibliografía
505 0 0 _gI. Prólogo -- II. Objetivos generales -- III. Experimentos -- 1. Técnicas del registro gráfico I -- 2. Técnicas del registro gráfico II -- 3. La construcción del músculo esquelético -- 4. Actividades reflejo -- 5 y 6. Ciclo estral en la cabra -- 7. Propiedades del músculo liso: útero e intestino -- 8. Células de la sangre I -- 9. Células de la sangre II -- 10. Tipos sanguíneos ABO y Factor RH -- 11. Ciclo cardíaco de la tortuga -- 12. Influencias químicas sobre la actividad del miocardio -- 13. Electrocardiografía -- 14. Mecánica respiratoria.
520 _aEn la explotación de especies de interés zootécnico es necesario conocer sus ciclos reproductivos, su patrón de comportamiento, el metabolismo intermedio de los nutrientes, las especies forrajeras de mayor utilidad, los procesos de fermentación ruminal, las mejore genética de estas especies, el control de sanidad etc. Todo esto, implica una serie de conocimientos previos para la comprensión de los fenómenos fisiológicos que se llevan a cabo en un organismo animal, objetivos propios de la fisiología, y para obtener un incremento en la producción , se requieren de dietas propias, de sincronización de celos, de fertilidad artificial, de un manejo adecuado de los animales, etc. fin último de la explotación pecuaria. Por ello en este curso de fisiología animal de los sistemas, pretendemos iniciar al estudiante en el conocimiento de cómo funcionan cada uno de los órganos, cómo se relacionan, cómo se coordinan y qué factores ambientales influyen en su funcionamiento, a través de prácticas demostrativas en e laboratorio con animales de experimentación, cuyos resultados servirán en el análisis y en las conclusiones de estos fenómenos fisiológicos.
650 1 3 _aFisiología animal
_xTécnica
_941131
650 1 3 _aFisiología animal
_xManuales de laboratorio
_941132
901 _a591.1 S25 1981
902 _aM
910 _a1981
942 _cLIBRO
_2ddc
942 _cLIBRO
_2ddc
999 _c166787
_d166787